书目信息 |
| 题名: |
会赚钱的妈妈
|
|
| 作者: | 潘恩 著 ;莫方 译 | |
| 分册: | ||
| 出版信息: | 南昌 江西人民出版社 2018.07 |
|
| 页数: | 229页 | |
| 开本: | 21cm | |
| 丛书名: | ||
| 单 册: | ||
| 中图分类: | F272.2-49 | |
| 科图分类: | ||
| 主题词: | 女性--nv xing--创业--通俗读物 | |
| 电子资源: | ||
| ISBN: | 978-7-210-10268-7 | |
| 000 | 01127nam0 2200253 450 | |
| 001 | 28329 | |
| 005 | 20221008181728.28 | |
| 010 | @a978-7-210-10268-7@dCNY39.80 | |
| 100 | @a20180621d2018 em y0chiy50 ea | |
| 101 | 1 | @achi@ceng |
| 102 | @aCN@b360000 | |
| 105 | @ay z 000yy | |
| 200 | 1 | @a会赚钱的妈妈@Ahui zhuan qian de ma ma@f(美) 克丽丝特尔·潘恩著@d= Money making mom@fCrystal Paine@g莫方译@zeng |
| 210 | @a南昌@c江西人民出版社@d2018.07 | |
| 215 | @a229页@d21cm | |
| 314 | @a(美) 克丽丝特尔·潘恩, 演说家。 | |
| 330 | @a本书作者分享了大量实用窍门、真实案例, 手把手教你创业, 或是找到一种新颖的工作方式, 让财务自由不再是梦想。对于创业过程中如何面对失败、如何在家庭生活与事业发展之间取得健康平衡, 作者也提供了很棒的建议。而让本书在众多赚钱类书籍中脱颖而出的, 还有作者“慷慨生活”的主张, 金钱买不来幸福, 但掌控好金钱也许能改变生活、产生积极影响。 | |
| 500 | 10 | @aMoney making mom@mChinese |
| 606 | 0 | @a女性@Anv xing@x创业@j通俗读物 |
| 690 | @aF272.2-49@v5 | |
| 701 | 1 | @a潘恩@Apan en@g(Paine, Crystal)@4著 |
| 702 | 0 | @a莫方@Amo fang@4译 |
| 801 | 0 | @aCN@c20220910 |
| 905 | @a河南城建学院图书馆@dF272.2-49@eP115@f2 | |
| 会赚钱的妈妈/(美) 克丽丝特尔·潘恩著= Money making mom/Crystal Paine/莫方译.-南昌:江西人民出版社,2018.07 |
| 229页;21cm |
| ISBN 978-7-210-10268-7:CNY39.80 |
| 本书作者分享了大量实用窍门、真实案例, 手把手教你创业, 或是找到一种新颖的工作方式, 让财务自由不再是梦想。对于创业过程中如何面对失败、如何在家庭生活与事业发展之间取得健康平衡, 作者也提供了很棒的建议。而让本书在众多赚钱类书籍中脱颖而出的, 还有作者“慷慨生活”的主张, 金钱买不来幸福, 但掌控好金钱也许能改变生活、产生积极影响。 |
| ● |
| 相关链接 |
|
|
|
正题名:会赚钱的妈妈
索取号:F272.2-49/P115
 
预约/预借
| 序号 | 登录号 | 条形码 | 馆藏地/架位号 | 状态 | 备注 |
| 1 | 1581245 | 215812459 | 社科库409/409社科库 87排4列4层/ [索取号:F272.2-49/P115] | 在馆 | |
| 2 | 1581246 | 215812468 | 社科库409/409社科库 87排4列4层/ [索取号:F272.2-49/P115] | 在馆 |